| 000 | 00795nam a2200277 i 4500 | ||
|---|---|---|---|
| 001 | C2-0338948 | ||
| 003 | PPAK | ||
| 005 | 20180728141158.0 | ||
| 008 | 161201s2016 enka|||| ||||| | eng d | ||
| 020 | _a9781474704793 | ||
| 040 |
_aPPAK _beng _cPPAK _erda |
||
| 082 | 0 | 4 |
_a597 _223 |
| 090 | 0 | 0 |
_a597 _bSCH _dRK |
| 100 | 1 |
_aSchuh, Mari, _d1975- _eauthor |
|
| 245 | 1 | 0 | _aJellyfish |
| 264 | 1 |
_aLondon : _bRaintree , _c2016 |
|
| 300 |
_a24 pages : _bcolour photographs ; _c23 cm |
||
| 336 |
_2rdacontent _atext |
||
| 337 |
_2rdamedia _aunmediated |
||
| 338 |
_2rdacarrier _avolume |
||
| 490 | 1 | _aSea life | |
| 500 | _aIncludes glossary and indexes | ||
| 650 | 1 | 0 | _aMarine animals (Fishes) - Juvenile literature. ; Jellyfish - Juvenile literature. |
| 830 | 0 | _aSea life | |
| 942 |
_ddc _cB |
||
| 999 |
_c136230 _d136230 |
||